Central Library OPAC University of Rajshahi

A proposal for correcting the English tongue : (Record no. 22030)

MARC details
000 -LEADER
fixed length control field 00953nam a2200253 a 4500
001 - CONTROL NUMBER
control field 22030
003 - CONTROL NUMBER IDENTIFIER
rucl marc code UkOxU
005 - DATE AND TIME OF LATEST TRANSACTION
control field 20211209000746.0
008 - FIXED-LENGTH DATA ELEMENTS--GENERAL INFORMATION
fixed length control field 140306r19641957enkh 001 0 eng d
035 ## - SYSTEM CONTROL NUMBER
System control number (BD-RjUL)22095
040 ## - CATALOGING SOURCE
Original cataloging agency BD-RjUL
Language of cataloging eng
Transcribing agency BD-RjUL
041 ## - LANGUAGE CODE
Language code of text/sound track or separate title eng
082 ## - DEWEY DECIMAL CLASSIFICATION NUMBER
Classification number 808.042
Author mark and year SWP 1964
100 1# - MAIN ENTRY--PERSONAL NAME
Personal name Swift, Jonathan,
Dates associated with a name 1667-1745.
9 (RLIN) 68035
245 12 - TITLE STATEMENT
Title A proposal for correcting the English tongue :
Remainder of title polite conversation, etc. /
Statement of responsibility, etc. Jonathan Swift ; edited by Herbert Davis with Louis Landa
260 ## - PUBLICATION, DISTRIBUTION, ETC. (IMPRINT)
Place of publication, distribution, etc. Oxford :
Name of publisher, distributor, etc. Blackwell,
Date of publication, distribution, etc. c1957 [Reprinted 1964].
300 ## - PHYSICAL DESCRIPTION
Pagination xl, 309 p. :
Illustrations facsims. ;
Size 20 cm
500 ## - GENERAL NOTE
General note First published 1957 by B. Blackwell as v. 4 of the Prose writings of Jonathan Swift
504 ## - BIBLIOGRAPHY, ETC. NOTE
Bibliography, etc IIncludes bibliographical references and index.
650 #0 - SUBJECT ADDED ENTRY--TOPICAL TERM
Topical term or geographic name as entry element English language
Form subdivision Rhetoric.
9 (RLIN) 68036
700 1# - ADDED ENTRY--PERSONAL NAME
Personal name Davis, Herbert John,
Dates associated with a name 1893-1967.
Personal name Landa, Louis A.,
Dates associated with a name 1901-
942 ## - ADDED ENTRY ELEMENTS (KOHA)
Source of classification or shelving scheme Dewey Decimal Classification
Koha item type Books
Holdings
Lost status Source of classification or shelving scheme Damaged status Not for loan Collection code Permanent Location Current Location Shelving location Date acquired Source of acquisition Cost, normal purchase price Total Checkouts Full call number Date last seen Copy number Koha item type
  Dewey Decimal Classification     Non-fiction Central Library, University of Rajshahi Central Library, University of Rajshahi   06/03/1973 Blackwell 2.50   808.042 SWP 1964 06/03/2014 C-2 Books
  Dewey Decimal Classification   Added to bundle Non-fiction Central Library, University of Rajshahi Central Library, University of Rajshahi Reading Room 18/02/1963 Zetlinger 0.00   808.042 SWP 1957 06/03/2014 C-1 Books